Statistics for 23区の区役所最寄駅

Click here to take the quiz!

General Stats

  • This quiz has been taken 24 times
  • The average score is 15 of 23

Answer Stats

駅名% Correct
練馬区練馬
92%
渋谷区渋谷
88%
中野区中野
88%
板橋区板橋区役所前
83%
新宿区西武新宿
83%
目黒区中目黒
75%
台東区上野
75%
北区王子
75%
大田区蒲田
71%
千代田区九段下
67%
文京区後楽園
67%
江戸川区新小岩
63%
墨田区浅草
63%
荒川区荒川区役所前
58%
江東区東陽町
54%
葛飾区京成立石
54%
足立区梅島
54%
杉並区南阿佐ヶ谷
54%
港区御成門
54%
豊島区東池袋
50%
中央区新富町
38%
世田谷区松陰神社前
38%
品川区下神明
33%

Score Distribution

Percentile by Number Answered

Percent of People with Each Score

Your Score History

You have not taken this quiz